000 00622cam a2200205u 4500
001 8255594
003 Ke-BoTe
005 20220218094516.0
008 820910s1921 pau 000 0 eng
010 _a 21021397
040 _aDLC
_cCarP
_dDLC
050 0 0 _aBS2595
_b.E7 1929
100 1 _aErdman, Charles R.
_q(Charles Rosenbury),
_d1866-1960.
_9781
245 1 4 _aThe Gospel of Luke.
260 _aPhiladelphia :
_bThe Westminster press,
_c1929.
300 _a229 p. ;
_c18 cm.
630 0 0 _aBible.
_pLuke.
_lEnglish. [from old catalog]
_92865
906 _a0
_bcbc
_cpremunv
_du
_encip
_f19
_gy-gencatlg
942 _2lcc
_cBK
_n0
999 _c1469
_d1469